000 00426nam a2200169Ia 4500
008 230524s9999 xx 000 0 und d
020 _a9788173719905
082 _a624.15136
_bMOI
100 _aDebashis Moitra
_942830
245 0 _aGeotechnical Engineering
250 _a1
260 _aNew Delhi
_bUniversities Press
_c2016
300 _a"XXIII,879p;"
500 _aQuantity Number: 1
650 _aCivil
942 _cBK
999 _c57801
_d57801